Hasičská technika

Enregistré dans:
Détails bibliographiques
Auteur principal: Monoši, Mikuláš
Autres auteurs: Sloboda, Aurel, Palúch, Branislav, Hajduová, Zuzana, 1974-, Bella, Vladimír, Jablonický, Juraj
Format: Livre
Langue:slovaque
Publié: Žilina EDIS - vydavateľstvo Žilinskej univerzity 2013
Édition:1. vyd.
Collection:Vysokoškolské učebnice
Sujets:
Tags: Ajouter un tag
Pas de tags, Soyez le premier à ajouter un tag!

MARC

LEADER 00000nam a2200000 4500
001 0178106
005 20240502073029.0
020 |a 978-80-554-0705-0 
041 0 |a slo 
044 |a SK 
245 1 0 |a Hasičská technika  |c Mikuláš Monoši, Aurel Sloboda, Branislav Palúch, Zuzana Hajduová ; recenzenti Vladimír Bella, Michail Šenovský 
250 |a 1. vyd. 
264 1 |a Žilina  |b EDIS - vydavateľstvo Žilinskej univerzity  |c 2013 
300 |a 402 s. [31,26 AH] 
490 1 |a Vysokoškolské učebnice 
830 0 |a Vysokoškolské učebnice 
610 2 0 |a technika 
610 2 0 |a technika požiarna 
610 2 0 |a automobily 
610 2 0 |a kontajnery 
100 1 |a Monoši, Mikuláš 
700 1 |a Sloboda, Aurel 
700 1 |a Palúch, Branislav 
700 1 |a Hajduová, Zuzana, 1974- 
700 1 |a Bella, Vladimír 
700 1 |a Jablonický, Juraj